000 00435nam a22001817a 4500
003 MPLRDC
005 20220104143501.0
008 210129b ||||| |||| 00| 0 eng d
020 _a7-5329-0003-7
082 _a848.1 ZHS-6 c.2
100 _a张恨水著
245 _a美人恩
_c
250 _a一版一刷
260 _a
_b山东文艺出版社
_c1987
300 _b
650 _a现代别集
942 _cBK
_o848.1 ZHS-6 c.2
999 _c40347
_d40337